00807nam a22002057a 4500999001900000005001700019010001300036020002500049035001200074037001600086082000800102100002900110245010600139246006800245260005300313270005800366300002100424942002700445952012900472 c190889d19088920220810103346.0 aUR-11664 a9789392496561c94.00 aU-10219 bDBAD/PUBa- a921 aطلعت انجم فخر aعہد حاضر کا نباض ڈاکٹر عشرت بیتاب /cطلعت انجم فخرhا ر د و aAhd-E-Haazir ka Nabbaz Dr. Ishrat Betab /bby Talat Anjum Fakhr aNew DelhibEducational Publishing Housec2021 ء aH.O.D1/16, Ansari Road, Darya GanjbNew Delhie110002 a143 صc23cm(Hb) 2ddccURh921mط ل ع 001040708NFICaLbLd2022-08-10eDBAD/PUBg94.00l0o921 ط ل عpU-10219r2022-08-10 00:00:00t1v94.00w2022-08-10yUR